La psicología individual y la escuela
Kaydedildi:
| Yazar: | |
|---|---|
| Materyal Türü: | Kitap |
| Dil: | İspanyolca |
| Baskı/Yayın Bilgisi: |
Buenos Aires
Losada
1947
|
| Seri Bilgileri: | Biblioteca pedagógica, 1
|
| Konular: | |
| Etiketler: |
Etiketle
Etiket eklenmemiş, İlk siz ekleyin!
|
MARC
| LEADER | 00000nam a2200000 a 4500 | ||
|---|---|---|---|
| 001 | UCW6636 | ||
| 003 | CL-VaPUC | ||
| 008 | 920420e19470000AG |||||||||||||||||spa|d | ||
| 082 | 0 | 4 | |a 370.15 |b ADL |2 21 |
| 100 | 0 | |a Adler, Alfred |e author |9 311647 | |
| 245 | 1 | 3 | |a La psicología individual y la escuela |
| 300 | |a 174 p | ||
| 942 | |c BK | ||
| 945 | |d 19920420 00:00:00 | ||
| 260 | |a Buenos Aires |b Losada |c 1947 | ||
| 650 | 0 | |a Psicología del aprendizaje |9 306854 | |
| 583 | |a last modification |c 19920420 00:00:00 |k Rodrigo Vera | ||
| 490 | 0 | |a Biblioteca pedagógica, 1 | |
| 999 | |c 219613 |d 219611 | ||
| 952 | |0 0 |1 0 |4 0 |6 370_150000000000000_ADL_1947 |7 0 |8 P |9 210737 |a BIBEDU |b BIBEDU |c BIBEDU_PB |d 2019-11-15 |i 2789493 |o 370.15 ADL 1947 |p 2789493 |r 2024-01-25 |w 2019-11-15 |y BK |k EDU | ||
| 952 | |0 0 |1 0 |4 0 |6 370_150000000000000_ADL_1947 |7 0 |8 P |9 210738 |a BIBEDU |b BIBEDU |c BIBEDU_PB |d 2019-11-15 |i 2789507 |o 370.15 ADL 1947 |p 2789507 |r 2024-01-25 |w 2019-11-15 |y BK |k EDU | ||